| 000 | 00000nam##2200000za#4500 |
| 001 | 9.591008 |
| 003 | CaOODSP |
| 005 | 20210624200412 |
| 007 | cr ||||||||||| |
| 008 | 150406|2002||||xxc|||||o f|0| 0 fre|d |
| 020 | |a0-662-86580-4 |
| 040 | |aCaOODSP|bfre |
| 043 | |an-cn--- |
| 086 | 1 |aCW69-4/92-2002F-IN |
| 110 | 2 |aService canadien de la faune. |
| 245 | 13|aLa biodiversité |h[ressource électronique] |
| 250 | |aRévisé 2001 |
| 260 | |aOttawa - Ontario : |bEnvironnement Canada. |cc2002. |
| 300 | |a6p.|bill., carte, références, photographies |
| 490 | 1 |aFaune de l'arrière-pays |
| 500 | |aLe nº de catalogue (CW69-4/92-2002F) et l'ISBN (0-662-86579-0) de l'édition imprimée ont été incorrectement copiés dans cette édition électronique. |
| 590 | |a12-01-Supp|b2012-01-13 |
| 691 | 07|aDiversité biologique|2gcpds |
| 775 | 08|tBiodiversity |w(CaOODSP)9.558029 |
| 776 | 0#|tLa biodiversité |w(CaOODSP)9.625856 |
| 830 | #0|aFaune de l'arrière-pays.|w(CaOODSP)9.500858 |
| 856 | 40|ahttp://publications.gc.ca|qPDF|s339 Ko|uhttps://publications.gc.ca/collections/Collection/CW69-4-92-2002F.pdf |